| Registos Bibliográficos associados ao registo de autoridade |
|
Etiqueta de registo: 00254nam 2200025 450 001 2228629 003 http://id.bnportugal.gov.pt/bib/catbnp/2228629 010 ## $a978-972-44-2916-8 021 ## $aPT$b553089/25 100 ## $a20251014d2025 m y0pory01030103ba 101 1# $apor$ceng 102 ## $aPT 105 ## $aa z 000yy 106 ## $ar 200 1# $a O que devemos uns aos outros, um novo contrato social$fMinouche Shafik$gtrad. Marcelo Félix 210 #9 $aCoimbra$cEdições 70,$d2025 215 ## $a271 p.$cil.$d24 cm 304 ## $aTít. orig.: What We Owe Each Other 675 ## $a338.1(100)"20"$vBN$zpor$31566768 675 ## $a338.2(100)"20"$vBN$zpor$31579079 675 ## $a339.97(100)"20"$vBN$zpor$31972185 700 #1 $aShafik,$bMinouche,$f1962-$31969019 702 #1 $aFélix,$bMarcelo$4730$31390407 801 #0 $aPT$bBN$gRPC 856 41 $uhttp://rnod.bnportugal.gov.pt/ImagesBN/winlibimg.aspx?skey=&doc=2228629&img=215340&save=true 900 ## $aBIBNAC$d20251126 966 ## $lBN$mFGMON$sS.C. 168032 V.$x1 966 ## $lBN$mFGMON$sS.C. 168032 V.-D$x1 971 ## $ccsilva$d20251014 973 ## $caalmeid$d20251117 975 ## $e0$d20251126$viquintas
|
|
|